000 00396nam a22001697a 4500
005 20160630095022.0
008 160630b xxu||||| |||| 00| 0 eng d
020 _a81-88458-69-4
041 _aeng
082 _b12915
100 _aSingh, Prakin
_93156
245 _aCivil engineering Materials
260 _bKatson
_c2012
300 _a273
650 _aDiploma Engineering
_9817
942 _cBK
999 _c4822
_d4820